=LDR 00000nam 2200000 4500 =001 INLIS000000000029467 =005 20130612131711 =008 ***********************************Ind** =035 ##$$0010-061300000029467 =041 ##$$a Ind =082 ##$$a 338 =090 ##$$a 338, Pra p =100 ##$$a Prayitno, Hadi =245 ##$$a Pengantar ekonomika pembangunan, Hadi Prayitno =260 ##$$a 1986 $b Yogyakarta =300 ##$$a 164 hlm, 21 cm =650 ##$$a Ekonomi =850 ##$$a NBPNMAT